| 000 | 00595nam a2200157 4500 | ||
|---|---|---|---|
| 001 | 126846 | ||
| 003 | ES-MaACL | ||
| 005 | 20230906192907.0 | ||
| 007 | t| | ||
| 008 | 070214s1939 sp r ||||1| spa d | ||
| 100 | 1 |
_aRibbentrop, Joachim von. _996741 |
|
| 245 | 1 | 3 |
_aUn documento sobre la suerte polĂtica de Europa _b: causas de la guerra, antecedentes polĂticos de la guerra / _cdiscurso del Ministro de Negocios Extranjeros del Reich, von Ribbentrop, el 24 de Octubre de 1939. |
| 260 |
_a[Madrid? : _bBlass, _c1939] |
||
| 300 |
_a30 p. ; _c20 cm. |
||
| 852 |
_aES-MaACL _j1819-F-23 _bR.17034 |
||
| 999 |
_c126846 _d126846 |
||